• 首页
  • 本馆介绍
  • 公告通知
  • 最新文献
  • 馆藏检索
  • 电子资源
  • 读者导购
  • 参考咨询
  • 我的图书馆
  • 登录
  • 详细信息显示
  • 放入我的书架
  • 预约/预借图书
  • 作者相关作品
  • 分类相关作品
  • 丛书相关作品
  • 出版社相关作品

书目信息

  • 表格格式
  • 工作单格式
  • 卡片格式
题名:
中国古代文学作品选
    
 
作者: 于非 主编
分册: 下册  
出版信息: 北京   高等教育出版社  1994
页数: 512页
开本: 20cm
丛书名:
单 册:
中图分类: I212.1 , I211
科图分类:
主题词: 古典文学--中国--师范大学--教学参考资料
电子资源:
ISBN: 7-04-004758-6
000 00614nam0 2200217 45
001 1551195437
005 20150127221431.57
010    @a7-04-004758-6@dCNY7.90
100    @a19960902d1994 em y0chiy0120 ea
101 0  @achi
102    @aCN@b110000
105    @ay z 000yy
200 10 @a中国古代文学作品选@Azhong guo gu dai wen xue zuo pin xuan@h下册@f于非主编
210    @a北京@c高等教育出版社@d1994
215    @a512页@d20cm
606    @a古典文学@y中国@x师范大学@x教学参考资料
690    @aI212.1@v3
690    @aI211@v4
701  0 @a于非@Ayu fei@4主编
801  0 @aCN@bTSSF@c20150127
905    @aZUCC@dI211@eJY51:2
    
    中国古代文学作品选.下册/于非主编.-北京:高等教育出版社,1994
    512页;20cm
    
    
    ISBN 7-04-004758-6:CNY7.90
    
●
相关链接 在E读中查询图书 在五车中查询图书 在当当中查询图书 在豆瓣中查询图书


正题名:中国古代文学作品选     索取号:I211/JY51:2         预约/预借

序号 登录号 条形码 馆藏地/架位号 状态 备注
1 7836639   278366395   学院路分馆/ [索取号:I211/JY51:2] 在馆    
2 7836640   278366402   学院路分馆/ [索取号:I211/JY51:2] 在馆    
3 7836641   278366411   学院路分馆/ [索取号:I211/JY51:2] 在馆    
4 7836642   278366420   学院路分馆/ [索取号:I211/JY51:2] 在馆    
唐山师范学院图书馆 欢迎您!
大连网信软件有限公司© 版权所有